000 00384nam a22001457a 4500
999 _c7703
_d7703
003 GBCCL
005 20241126110634.0
008 180912b ||||| |||| 00| 0 eng d
040 _cgbc
082 _aSOU DOR
_b2017
245 _aBaptist dorcas fellowship 1967-2017 : EBCC Tonglawn (P) 50 Souvenir
260 _c2017
_aTonglawn :
_bGJSC, EBCC,
300 _a132p. ;
942 _2ddc
_cARCH